Autorzy lektur - Statystyki

Ogólne statystyki
  • Ten quiz został rozwiązany 93 razy
  • Średni wynik to 12 z 21
Statystyki odpowiedzi
Lektura Autor % Poprawnych
Pan Tadeusz Adam Mickiewicz
97%
Dziady Adam Mickiewicz
97%
Quo Vadis Henryk Sienkiewicz
89%
W pustyni i w puszczy Henryk Sienkiewicz
89%
Zemsta Aleksander Fredro
88%
Balladyna Juliusz Słowacki
84%
Hobbit czyli tam i z powrotem J.R.R Tolkien
80%
Opowieść wigilijna Karol Dickens
75%
Kamienie na szaniec Aleksander Kamiński
71%
Mały Książę Antonie de Saint-Exupery
71%
Akademia Pana Kleksa Jan Brzechwa
67%
Katarynka Bolesław Prus
50%
Ania z Zielonego Wzgórza L.M Montgomery
45%
Mikołajek Rene Goscinny
42%
Kubuś Puchatek A.A Milne
29%
Przygody Tomka Sawyera Mark Twain
29%
Sposób na Alcybiadesa Edmund Niziurski
17%
Oskar i Pani Róża Eric-Emmnauel Schmitt
17%
Tajemniczy Ogród Frances Hodgson Burnett
16%
O psie który jeździł koleją Roman Pisarski
12%
Zaczarowana Zagroda Alina/Czesław Centkiewiczowie
4%
Nie znaleziono quizów pasujących do podanych kryteriów
Rozkład punktacji
Procent ludzi z każdym wynikiem
Percentyl według liczby udzielonych odpowiedzi
Twoja historia wyników
Nie rozwiązałeś tego quizu